| 000 | 00420nam a2200181Ia 4500 | ||
|---|---|---|---|
| 008 | 210210b1946 xxu||||| |||| 00| 0 eng d | ||
| 041 | _aeng | ||
| 082 | _a423/22 | ||
| 100 | _aODHAMS | ||
| 245 | _aDictionary of English language | ||
| 260 |
_aLondon _bOdhams Press Limited _c1946 |
||
| 650 | _aof | ||
| 650 | _alanguage | ||
| 650 | _aEnglish | ||
| 650 | _aDictionary | ||
| 690 | _aDictionaries | ||
| 906 | _a005773 | ||
| 999 |
_c128774 _d128774 |
||